000 00556nam a2200181Ia 4500
003 GCL
008 140319s9999 xx 000 0 ara d
040 _aGCL /
_cGCL
082 0 4 _aفيديو
_b130
245 1 0 _aعائلة الثعالب, مصاص الدماء,سبع البحر,البط
260 _a[S.N] :
_bلا يوجد
490 _aموسوعة غرائب الطبيعة
_v0
650 0 4 _aالحيوانات الصحراوية
650 0 4 _aالبط
650 0 4 _aالثعالب
650 0 4 _aالحيوانات - تربية
942 _2ddc
_cBK
999 _c33893
_d33893